000 00882nam a22002297a 4500
005 20240530110335.0
008 140904s2009 ua of||e o00| 0 ara d
017 _a2009/9084
_bمصر . دار الكتب المصرية
020 _a9789774791859
040 _aEG-CaGPL
082 0 4 _221
_a916.211
_bق/ى د
100 0 _aيسرية عبدالعزيز حسنى
245 0 _aدليل الاسكندرية التاريخى والاثرى /
_cيسرية عبدالعزيز حسنى
250 _aط 1
260 _aالقاهرة :
_bالمجلس الاعلى للاثار ،
_c2009
300 _a178 ص :
_bصور ؛
_c24 سم
650 0 7 _xالاسكنرية - تاريخ
650 0 7 _xالاسكندرية - المقابر الرمانية
650 0 7 _xالاسكندرية - المقابر اليونانية
700 0 _aزاهى حواس
_eمقدم
942 _2ddc
_cBK
999 _c59767
_d59767